000 00494nam a2200181Ia 4500
005 20250508153027.0
008 008 250505s9999 xx 000 0 eng d
037 _aTextual
040 _aFEDL
_beng
_cFEDL
041 _aeng
_2eng
084 _a942.80, SOM
_qFEDL
100 _aSomervell D C
245 0 _aModern Britain 1870-1950
260 _aLondon, UK
_bMethuen and Company Limited
_c1956
300 _a266p.
942 _cTEXL
_h942.80, SOM
999 _c1340235
_d1340235